<?xml version="1.0" encoding="UTF-8"?>
<record
    xmlns:xsi="http://www.w3.org/2001/XMLSchema-instance"
    xsi:schemaLocation="http://www.loc.gov/MARC21/slim http://www.loc.gov/standards/marcxml/schema/MARC21slim.xsd"
    xmlns="http://www.loc.gov/MARC21/slim">

  <leader>02775nam a2200349 i 4500</leader>
  <controlfield tag="003">DO-SdBNP</controlfield>
  <controlfield tag="005">20250129073606.0</controlfield>
  <controlfield tag="006">a|||||r|||| 00| 0 </controlfield>
  <controlfield tag="007">ta</controlfield>
  <controlfield tag="008">230413e2001    dr aoc|gr|||| 001 edspa d</controlfield>
  <datafield tag="020" ind1=" " ind2=" ">
    <subfield code="a">9993423203</subfield>
  </datafield>
  <datafield tag="040" ind1=" " ind2=" ">
    <subfield code="a">DO-SdBNP</subfield>
    <subfield code="b">spa</subfield>
    <subfield code="c">BNPHU</subfield>
    <subfield code="e">rda</subfield>
  </datafield>
  <datafield tag="082" ind1=" " ind2="4">
    <subfield code="a">923.27293</subfield>
    <subfield code="b">D812ba</subfield>
    <subfield code="2">22</subfield>
  </datafield>
  <datafield tag="100" ind1="1" ind2=" ">
    <subfield code="a">Balc&#xE1;cer, Juan Daniel,</subfield>
    <subfield code="d">1949-</subfield>
    <subfield code="e">autor</subfield>
    <subfield code="9">6566</subfield>
  </datafield>
  <datafield tag="245" ind1="1" ind2="0">
    <subfield code="a">Juan Pablo Duarte :</subfield>
    <subfield code="b">el Padre de la Patria /</subfield>
    <subfield code="c">Juan Daniel Balc&#xE1;cer; selecci&#xF3;n y fuentes de ilustraciones y cuidado de edici&#xF3;n, Jos&#xE9; Chez Checo.</subfield>
  </datafield>
  <datafield tag="264" ind1=" " ind2="4">
    <subfield code="a">Santo Domingo :</subfield>
    <subfield code="b">Amigos del Hogar, </subfield>
    <subfield code="c">2001.</subfield>
  </datafield>
  <datafield tag="300" ind1=" " ind2=" ">
    <subfield code="a">151 p&#xE1;ginas :</subfield>
    <subfield code="b">Ilustraciones, fotograf&#xED;as, mapas, retratos ;</subfield>
    <subfield code="c">24 cm.</subfield>
  </datafield>
  <datafield tag="336" ind1=" " ind2=" ">
    <subfield code="2">rdaconten</subfield>
    <subfield code="a">texto</subfield>
    <subfield code="b">txt</subfield>
  </datafield>
  <datafield tag="337" ind1=" " ind2=" ">
    <subfield code="2">rdamedia</subfield>
    <subfield code="a">sin medici&#xF3;n</subfield>
    <subfield code="b">n</subfield>
  </datafield>
  <datafield tag="338" ind1=" " ind2=" ">
    <subfield code="2">rdacarrier</subfield>
    <subfield code="a">volumen</subfield>
    <subfield code="b">nc</subfield>
  </datafield>
  <datafield tag="500" ind1=" " ind2=" ">
    <subfield code="a">Cubierta: "El sue&#xF1;o de Duarte", &#xF3;leo de Luis -Sisito- Desangles.</subfield>
  </datafield>
  <datafield tag="500" ind1=" " ind2=" ">
    <subfield code="a">Incluye pi&#xE9; de fotos.</subfield>
  </datafield>
  <datafield tag="504" ind1=" " ind2=" ">
    <subfield code="a">Bibliograf&#xED;a: p&#xE1;ginas, 141 -143</subfield>
  </datafield>
  <datafield tag="505" ind1=" " ind2=" ">
    <subfield code="a">Introducci&#xF3;n a la presente edici&#xF3;n.</subfield>
    <subfield code="t">Mensaje a los que no son ni&#xF1;os.--</subfield>
    <subfield code="t">Mensaje a los amiguitos lectores.--</subfield>
    <subfield code="t">El nacimiento: La herencia colonial.-- La casa natal.-- La familia Duarte y Diez.--</subfield>
    <subfield code="t">En la escuela: La independencia ef&#xED;mera.-- La dominaci&#xF3;n haitiana.--El viaje de estudios.--</subfield>
    <subfield code="t">&#xBF;Qui&#xE9;nes era los haitianos?: El sistema de la esclavitud.-- La revoluci&#xF3;n haitiana.-- El amor a la libertad.--</subfield>
    <subfield code="t">En los trabajos revolucionarios:  El sistema democr&#xE1;tico.-- La idea independentista.--</subfield>
    <subfield code="t">La Trinitaria, La Filantr&#xF3;pica y la Dram&#xE1;tica: Nace la Trinitaria.-- El sagrado Juramento.-- Trinitarios, adeptos y comunicados.-- La Filantr&#xF3;pica y la Dram&#xE1;tica.--</subfield>
    <subfield code="t">Revoluci&#xF3;n de la Reforma y la separaci&#xF3;n de Hait&#xED;: Duarte en acci&#xF3;n.-- Persecuci&#xF3;n y primer exilio.-- Contin&#xFA;an los planes revolucionarios.-- La f&#xF3;rmula del protectorado.-- La manifestaci&#xF3;n del 16 de enero.-- La carta del sacrificio.-- Nace una nueva Rep&#xFA;blica.--</subfield>
    <subfield code="t">La Rep&#xFA;blica Dominicana: Duarte en Campa&#xF1;a.-- Duarte Presidente.-- Prisi&#xF3;n y segundo exilio.-- El ilustre loco.-- Otra vez 
Venezuela.--</subfield>
    <subfield code="t">En la guerra restauradora: Liberales y conservadores.-- Duarte y la anexi&#xF3;n.-- De nuevo a defender la Patria.-- Duarte y el gobierno restaurador.-- Finalmente Venezuela.-- Enfermedad y muerte.--</subfield>
    <subfield code="t">El Padre de la Patria: El patriota olvidado.-- El reconocimiento de la posteridad.--</subfield>
    <subfield code="t">Bibliograf&#xED;a sugerida.--</subfield>
    <subfield code="t">Fuente de las ilustraciones.</subfield>
  </datafield>
  <datafield tag="590" ind1=" " ind2=" ">
    <subfield code="a">Inventariado 2023 / MF</subfield>
  </datafield>
  <datafield tag="600" ind1="1" ind2="4">
    <subfield code="a"> Duarte, Juan Pablo, </subfield>
    <subfield code="d">1813-1876 </subfield>
    <subfield code="9">1494</subfield>
  </datafield>
  <datafield tag="650" ind1=" " ind2="4">
    <subfield code="a">Estadistas </subfield>
    <subfield code="z">Rep&#xFA;blica Dominicana</subfield>
    <subfield code="v">Biograf&#xED;as </subfield>
    <subfield code="9">45404</subfield>
  </datafield>
  <datafield tag="651" ind1=" " ind2="4">
    <subfield code="a">Rep&#xFA;blica  Dominicana</subfield>
    <subfield code="x">Historia</subfield>
    <subfield code="y">1844-1930</subfield>
    <subfield code="9">1009</subfield>
  </datafield>
  <datafield tag="700" ind1="1" ind2=" ">
    <subfield code="a">Chez Checo, Jos&#xE9;,</subfield>
    <subfield code="d">1949-</subfield>
    <subfield code="e">editor</subfield>
    <subfield code="9">10145</subfield>
  </datafield>
  <datafield tag="910" ind1=" " ind2=" ">
    <subfield code="a">Validado. Control de calidad MFF</subfield>
  </datafield>
  <datafield tag="942" ind1=" " ind2=" ">
    <subfield code="2">ddc</subfield>
    <subfield code="c">LBS1</subfield>
  </datafield>
  <datafield tag="952" ind1=" " ind2=" ">
    <subfield code="0">0</subfield>
    <subfield code="1">0</subfield>
    <subfield code="2">ddc</subfield>
    <subfield code="5">1</subfield>
    <subfield code="7">0</subfield>
    <subfield code="8">PD</subfield>
    <subfield code="a">BNPHU</subfield>
    <subfield code="b">BNPHU</subfield>
    <subfield code="c">HD</subfield>
    <subfield code="d">2018-07-13</subfield>
    <subfield code="e">CERTV</subfield>
    <subfield code="l">0</subfield>
    <subfield code="o">BNPHU PD 923.27293 D812ba</subfield>
    <subfield code="p">2023-1366</subfield>
    <subfield code="r">2023-04-13</subfield>
    <subfield code="w">2023-04-13</subfield>
    <subfield code="y">LBS1</subfield>
  </datafield>
  <datafield tag="999" ind1=" " ind2=" ">
    <subfield code="c">53244</subfield>
    <subfield code="d">53244</subfield>
  </datafield>
</record>
